000 00300nam a2200133Ia 4500
005 20251222143153.0
008 251222s9999||||xx |||||||||||||| ||spa||
020 _a84-397-1045-3
082 _a839.366/C72F
100 _aCoetzee, John Maxwell
245 0 _aFoe
264 _bMondadori
942 _cLIB
999 _c12748
_d12748